000 01710cam a2200373 i 4500
001 18160607
005 20250114114821.0
008 140522t20132013pk 001 0 urd
010 _a 2013420233
020 _a9780195979947
020 _a019597994X
040 _aDLC
_cDLC
_erda
_dDLC
041 0 _aurd
_aeng
042 _apcc
082 _a423,OXF
245 0 0 _aOxford Urdu-English Dictionary /
264 1 _6880-02
_aKarachi
_bOxford University Press,
_c2013.
264 4 _c©2013
300 _a34, 1165 pages ;
_c28 cm
546 _aUrdu and English.
650 0 _aUrdu language
_vDictionaries
_xEnglish.
_9127555
700 1 _6880-03
_aSalīmuddīn, Es. Em.,
_ecompiler.
_9127556
700 1 _6880-04
_aAnjum, Suhail,
_ecompiler.
_9127557
700 1 _6880-05
_aPārekh, Raʼūf,
_eeditor.
_9127558
856 4 2 _3Contributor biographical information
_uhttp://www.loc.gov/catdir/enhancements/fy1410/2013420233-b.html
856 4 2 _3Publisher description
_uhttp://www.loc.gov/catdir/enhancements/fy1410/2013420233-d.html
856 4 1 _3Table of contents only
_uhttp://www.loc.gov/catdir/enhancements/fy1410/2013420233-t.html
880 0 0 _6245-01/(3/r‏
_a‏اوکسفرڈ اردو انگريزى لغت /‏ =
_bOxford Urdu-English dictionary /
_cايس. ايم سليم‌الدّين، سهيل انجم ,مؤلفين ؛ مدير اعلىٰ، رؤف پاريکھ
880 1 _6264-02/(4/r‏
_a‏کراچى :‏
_b‏Oxford University Press,‏
_c‏2013.
880 1 _6700-03/(3/r‏
_a‏سليم‌الدّين، ايس. ايم.،‏
880 1 _6700-04/(3/r‏
_a‏انجم، سهيل،‏
880 1 _6700-05/(4/r‏
_a‏پاريکھ، رؤف،‏
942 _2ddc
_cBK
_h423,OXF
999 _c612644
_d612644